Right to roam restrictions regime released (Record no. 73757)

MARC details
000 -LEADER
fixed length control field 01341cam a2200241 4500
001 - CONTROL NUMBER
control field WB3942-20
008 - FIXED-LENGTH DATA ELEMENTS--GENERAL INFORMATION
fixed length control field 031106n2003 000 0 eng u
035 ## - SYSTEM CONTROL NUMBER
System control number (Sirsi) u124256
245 ## - TITLE STATEMENT
Title Right to roam restrictions regime released
260 ## - PUBLICATION, DISTRIBUTION, ETC.
Date of publication, distribution, etc. 2003
490 ## - SERIES STATEMENT
Series statement DEFRA News Release
Volume/sequential designation (439/03) 24 October 2003 (2)
520 ## - SUMMARY, ETC.
Summary, etc. Regulations have been laid before parliament outlining how restrictions and exclusions of access will operate in respect of the new right of access to England's countryside coming into force under the powers of the Countryside and Rights of Way Act 2000. The new right will be introduced on a region-by-region basis with the first two regions due to open in late summer 2004. The regulations will come into effect on 17 November 2003. An overview of the restrictions regime is available at http://www.defra.gov.uk/wildlife-countryside/cl/accessopen.htm. The provisional SI is available at http://www.defra.gov.uk/wildlife-countryside/cl/statutory-instruments.pdf http://www.defra.gov.uk/news/2003/031024a.htm
590 ## - LOCAL NOTE (RLIN)
Local note WB
650 ## - SUBJECT ADDED ENTRY--TOPICAL TERM
Topical term or geographic name entry element RESTRICTIONS
650 ## - SUBJECT ADDED ENTRY--TOPICAL TERM
Topical term or geographic name entry element EXEMPTIONS
650 ## - SUBJECT ADDED ENTRY--TOPICAL TERM
Topical term or geographic name entry element RIGHT TO ROAM
650 ## - SUBJECT ADDED ENTRY--TOPICAL TERM
Topical term or geographic name entry element NATURE CONSERVATION
650 ## - SUBJECT ADDED ENTRY--TOPICAL TERM
Topical term or geographic name entry element COUNTRYSIDE AND RIGHTS OF WAY ACT 2000
650 ## - SUBJECT ADDED ENTRY--TOPICAL TERM
Topical term or geographic name entry element COUNTRYSIDE ACCESS
650 ## - SUBJECT ADDED ENTRY--TOPICAL TERM
Topical term or geographic name entry element RIGHT OF ACCESS
690 ## - LOCAL SUBJECT ADDED ENTRY--TOPICAL TERM (OCLC, RLIN)
Topical term or geographic name as entry element Rural
9 (RLIN) 6268
942 ## - ADDED ENTRY ELEMENTS (KOHA)
Suppress in OPAC 0
Holdings
Withdrawn status Lost status Source of classification or shelving scheme Damaged status Not for loan Home library Current library Shelving location Date acquired Total Checkouts Full call number Barcode Date last seen Copy number Price effective from Koha item type
    Dewey Decimal Classification     London London News article 06/11/2003   WB3942-20 124256-1001 06/08/2019 1 06/08/2019 News article